| 000 | 01769nam0a22004571 4500 | ||
|---|---|---|---|
| 001 | v19\rc\1751484 | ||
| 005 | 20260406160840.0 | ||
| 035 | _a(NLR Aleph) 005231527 | ||
| 090 |
_a5610570 _c5610570 |
||
| 100 | _a20061204d1902 k y0rusy50 ca | ||
| 101 | 0 | _arus | |
| 102 | _aRU | ||
| 105 | _ay rz ||||b | ||
| 200 | 1 |
_a"Ницше" _fЕ. Андреевич (Е.А. Соловьев) |
|
| 210 |
_aС.-Петербург _cБ.Н. Звонарев _d1902 |
||
| 215 |
_a[2], 204 с. _d19 |
||
| 423 | 0 |
_11011#$arus$cger _12001#$aВоспоминания о Ницше$fП. Дейссен _1700#1$aДейссен$bП.$f1845-1919$gПауль _tВоспоминания о Ницше _aДейссен, Пауль (1845-1919) |
|
| 532 | 1 | 3 | _aНицше |
| 600 | 0 | 1 |
_aНицше _bФ.В. _f1844 - 1900 _gФридрих Вильгельм _91367927 _3RU\NLR\AUTH\66258833 |
| 686 | 0 |
_aЮ3(4Г)6-649 _2rubbk |
|
| 686 | 0 |
_aШ5(4Г)53-4Ницше _2rubbk |
|
| 700 | 1 |
_8rus _7ca _aСоловьев _bЕ. А. _cкритик _f1866-1905 _gЕвгений Андреевич _3RU\NLR\AUTH\778487 _9118392 |
|
| 702 | 1 |
_4570 _8rus _7ca _aНицше _bФ. В. _f1844-1900 _gФридрих Вильгельм _3RU\NLR\AUTH\772013 _9112030 |
|
| 790 | 1 |
_9z01700 _aАндреевич _bЕ. _f1866-1905 |
|
| 801 | 0 |
_aRU _bNLR _gpsbo |
|
| 801 | 0 |
_aRU _bRuMoRGB _2psbo |
|
| 801 | 1 |
_aRU _bProSoft-M _2rusmarc |
|
| 801 | 2 |
_aRU _bNLR _c20070427 _2rusmarc |
|
| 852 |
_aNLR _j34.5.4.20 |
||
| 852 |
_aNLR _j130/6520 |
||
| 899 |
_aRuMoRGB _jU 140/432 |
||
| 899 |
_aRuMoRGB _jW 521/61 |
||
| 899 |
_aRuMoRGB _jU 473/111 |
||
| 899 |
_aRuMoRGB _jРб 33/343 |
||
| 899 |
_aRuMoRGB _j801-86/15367-0 |
||
| 899 | _aБАН | ||
| 899 | _aНБ СПбГУ | ||
| 899 | _aГПИБ | ||
| 899 | _aНБ МГУ | ||
| 942 | _cBOOK | ||
| 980 | _aNB | ||